000 00869nam a22002177a 4500
005 20180503141421.0
010 _a1718EN-30 ENG-122869
020 _a9788178244556
_c595.00
035 _a B-682961-962 ENG-122867/ EN-106401
037 _bAakar
_adpl
037 _bDBAD/PUB.
082 _a791.430959
100 _aVasudevan, Ravi
245 _aThe melodramatic public:
_cby Ravi Vasudevan
_bfilm form and spectatorship in Indian cinema /
260 _aRanikhet
_bPermanent Black
_c2015
270 _aHimalayana, Mall Road, Ranikhet Cantt.
_bRanikhet
_e263645
300 v _axviii,457p.
_c21cm(pbk)
500 _aIncludes index
942 _2ddc
_cEN
_mVAS
_h791.430959
999 _c145720
_d145720